Коли ти.... (Запис № 17200)
[ простий вигляд ]
| 000 -Маркер запису | |
|---|---|
| Контрольне поле сталої довжини | 01503nam a22002657a 4500 |
| 003 - Належність контрольного номера | |
| Контрольне поле | Uzh_bibl |
| 008 - Кодовані дані | |
| Контрольне поле сталої довжини | 260326b |||||||| |||| 00| 0 ukr d |
| 020 ## - Індекс ISBN | |
| ISBN | 978-617-8429-06-5 |
| Ціна | 270.00 |
| 040 ## - Джерело каталогіз. | |
| Код мови каталог. | укр. |
| 041 ## - Код мови видання | |
| Код мови оригіналу | українська |
| Код мови тексту | українська |
| 080 ## - Індекс УДК | |
| Індекс УДК | 821(477) |
| 090 ## - Шифри | |
| Поличний індекс | 821(477) |
| Авторський знак | Г 79 |
| 100 ## - Автор | |
| Автор | Гребеньовська,Юлія |
| 245 ## - Назва | |
| Назва | Коли ти.... |
| Фізичний носій | Текст |
| 260 ## - Вихідні дані | |
| Місце видання | Київ |
| Видавництво | Дитячий фонд ООН (ЮНІСЕФ) в Україн |
| Дата видання | 2025 |
| 300 ## - Фізичний опис | |
| Обсяг | 176 с. |
| Ілл./тип відтвор. | іл. |
| Тип одиниці | В опр. |
| 520 ## - Анотація | |
| Анотація | Коли ти…» — це збірка з десяти історій про емоції та внутрішні стани, які переживає кожна дитина. Від радості й збудження до страху, сорому чи злості — кожне почуття тут пояснене з турботою, без осуду та складних слів. Книга допомагає дітям упізнавати власні емоції, говорити про них і знаходити способи впоратися з непростими переживаннями. |
| 521 ## - Примітка про цільове призначення | |
| Примітка про цільове призначення | Для дошкільного та шкільного віку |
| 546 ## - Примітка про мову | |
| Примітка про мову | укр. |
| 650 ## - Тематичні рубрики | |
| Основна рубрика | Літературно-художне видання |
| 653 ## - Ключові слова | |
| Ключові слова | Емоції |
| -- | Образи |
| -- | Психолог |
| 655 ## - Термін індексування — жанр/форма | |
| Жанр/форма | Дитяча література |
| 700 ## - Інші автори | |
| Інші автори | Лук’янчук ,А. |
| 942 ## - ADDED ENTRY ELEMENTS (KOHA) | |
| Джерело класифікації чи схема поличного розташування | |
| Koha item type | Книги |
| Статус вилучення | Статус втрати/відсутності | Джерело класифікації чи схема поличного розташування | Статус пошкодження | Тип обігу (не для випозичання) | Постійне розташування | Поточне розташування | Розташування у відділі | Дата надходження | Джерело надходження (постачальник) | Інвентарний номер | Повний (примірниковий) шифр зберігання | Штрих-код | Date last seen | Дата, для якої чинна ціна заміни | Тип одиниці (рівень примірника) |
|---|---|---|---|---|---|---|---|---|---|---|---|---|---|---|---|
| Бібліотека-філія № 1 для дітей | Бібліотека-філія № 1 для дітей | Абонемент молодший відділ | 23/03/2026 | ЗОБ для дітей та юнацтва | 80841 | 821(477) | 19281 | 26/03/2026 | 25/03/2026 | Книги |